000 00911nam a2200241Ia 4500
003 GCL
008 140319s9999 xx 000 0 ara d
020 _a5141322977
040 _aGCL /
_cGCL
082 0 4 _aق
_b726.7062
_bن ا
100 1 _aنيفين عبدالجواد
245 1 0 _aاديرة وادى النطرون :
_bدراسة اثرية وسياحية /
_cنيفين عبدالجواد
260 _aالقاهرة :
_bعين للدراسات والبحوث الانسانية والاجتماعية ،
_c2004
300 _a280 ص ؛
_c24 سم
650 0 4 _aوادى النطرون
650 0 4 _aالاديرة القبطية
650 0 4 _aالاديرة - مصر
650 0 4 _aدير انبامقار
650 0 4 _aدير انبابيشوى
650 0 4 _aدير السيدة العذراء السريانى
650 0 4 _aدير السيدة العذراء برموس
942 _2ddc
_cBK
999 _c44749
_d44749